| 000 | 01321cad a22002295a 4500 | ||
|---|---|---|---|
| 001 | L156074 | ||
| 008 | 120430s2012 xxk 000 0 eng d | ||
| 035 | _a(Sirsi) u156074 | ||
| 041 | 0 | _aeng | |
| 110 | 2 |
_aAcuitus _96056 |
|
| 245 | 0 | 0 |
_aCpad market flash _bcommercial property auction data _h[electronic resource] |
| 260 |
_aLondon _bAcuitus _c2012 |
||
| 490 | 0 |
_aAcuitus Cpad Market Flash Commercial Property Auction Data _vApril 2012 |
|
| 520 | _aSales volumes and sale rates are both up while buyers have increasingly looked beyond London and the south east for investments. Retail remained dominant in the auction but a higher level of office and leisure lots have found buyers. Retail yields hardened to 6.2% while the average property yield across all sales in the auction room was also sharper at 8.5%. The gap between prime and high yield properties has continued to open and is now at its widest for more than a decade. | ||
| 520 | _aKey statistics - auction commentary - IPD property market commentary - key market data. | ||
| 590 | _aKA | ||
| 651 | 4 | _aUnited Kingdom | |
| 690 |
_aCommercial property _96227 |
||
| 710 |
_aInvestment Property Databank _92288 |
||
| 856 | 4 | 0 |
_uhttps://www.acuitus.co.uk/media/11021/cpad%20market%20flash%20april%202012.pdf _zView the report at www.acuitus.co.uk |
| 942 | _n0 | ||
| 999 |
_c83948 _d83948 |
||